| 000 | 00535nam a2200181Ia 4500 | ||
|---|---|---|---|
| 008 | 140429s9999 xx 000 0 und d | ||
| 020 | _a9780670022571 | ||
| 050 |
_aPS 3558.A3228 _b.H12t 2011 |
||
| 100 | _aHagedorn, Jessica | ||
| 245 |
_aToxicology / _cJessica Hagedorn. |
||
| 260 |
_aNew York : _bViking, _cc2011. |
||
| 300 |
_a225 p. : _c24 cm. |
||
| 650 |
_aNeighbors _xFiction. |
||
| 650 |
_aWomen authors _xFiction. |
||
| 650 |
_aWomen motion picture producers and directors _xFiction. |
||
| 942 |
_kFOR _cBK |
||
| 999 |
_c115723 _d115723 |
||